Statistics for Flags by a portion

Click here to take the quiz!

General Stats

  • This quiz has been taken 19 times
  • The average score is 14 of 16

Answer Stats

Answer% Correct
Brazil
100%
Argentina
100%
Canada
100%
Denmark
100%
Australia
100%
Japan
100%
South Africa
100%
Iraq
93%
Norway
93%
Kazakhstan
86%
Bhutan
86%
Andorra
79%
Cuba
79%
Cambodia
79%
Oman
71%
Republic of the Congo
64%

Score Distribution

Percentile by Number Answered

Percent of People with Each Score

Your Score History

You have not taken this quiz